000 00278nam a22001337a 4500
008 170302b xxu||||| |||| 00| 0 eng d
020 _a0935702172
041 _aeng
080 _a575
100 _a6
101 _aSHM
245 _aGENES & GENOMES
_cSINGER, M
942 _2udc
_cBK
999 _c6581
_d6581